| 000 | 00535nam a22002051a 4500 | ||
|---|---|---|---|
| 001 | 3828 | ||
| 003 | OSt | ||
| 005 | 20260204211905.0 | ||
| 008 | 050302s2001||||sp ||||||b||||||||||spa|| | ||
| 020 | _a8427713517 | ||
| 050 | _a373 L881a | ||
| 082 | _a373 L881a | ||
| 100 | _aLópez Cubino, Rafael | ||
| 245 | _aEl área de tecnología en secundaria / Rafael López Cubano | ||
| 264 | _aEspaña : Narcea | ||
| 300 | _a222 | ||
| 500 | _aIncluye bibliografía | ||
| 650 | _a1.Educación Secundaria - TeconológicoÌ | ||
| 942 |
_2ddc _cBK |
||
| 999 |
_c3828 _d3828 |
||